000
00310nam a22001337a 4500
008
180103b xxu||||| |||| 00| 0 eng d
020
_a
9780471697572
041
_a
eng
080
_a
336
100
_a
56
101
_a
FIN
245
_a
Financial Instituionas, Markets, Money
_c
Kidwell, D.S
942
_2
udc
_c
BK
999
_c
39644
_d
39644